Paseos con Robert Walser / (Record no. 16168)

MARC details
000 -LEADER
campo de control de longitud fija 00861nam a2200253 i 4500
001 - NÚMERO DE CONTROL
campo de control 16168
003 - IDENTIFICADOR DE NÚMERO DE CONTROL
campo de control ES-MaACL
005 - FECHA Y HORA DE LA ÚLTIMA TRANSACCIÓN
campo de control 20250824222025.0
007 - CAMPO FIJO DE DESCRIPCIÓN FÍSICA--INFORMACIÓN GENERAL
campo de control de longitud fija t|
008 - DATOS DE LONGITUD FIJA--INFORMACIÓN GENERAL
campo de control de longitud fija 000706s2000 sp ||||1| spa d
020 ## - NÚMERO INTERNACIONAL ESTÁNDAR DEL LIBRO
Número Internacional Estándar del Libro 84-7844-502-1
080 ## - NÚMERO DE LA CLASIFICACIÓN DECIMAL UNIVERSAL
Número de la Clasificación Decimal Universal 929 Walser, Robert (049.3)
100 1# - ENTRADA PRINCIPAL--NOMBRE DE PERSONA
Nombre de persona Seelig, Carl.
9 (RLIN) 105089
245 10 - MENCIÓN DEL TÍTULO
Título Paseos con Robert Walser /
Mención de responsabilidad, etc. Carl Seelig ; epílogo de Elio Fröhlich ; fotografías de Carl Seelig ; traducción de Carlos Fortea.
260 ## - PUBLICACIÓN, DISTRIBUCIÓN, ETC.
Lugar de publicación, distribución, etc. Madrid :
Nombre del editor, distribuidor, etc. Siruela,
Fecha de publicación, distribución, etc. 2000.
300 ## - DESCRIPCIÓN FÍSICA
Extensión 167 p. :
Otras características físicas il. ;
Dimensiones 23 cm.
490 1# - MENCIÓN DE SERIE
Mención de serie Libros del tiempo ;
Designación de volumen o secuencia 120
600 14 - PUNTO DE ACCESO ADICIONAL DE MATERIA--NOMBRE DE PERSONA
Nombre de persona Walser, Robert-
Subdivisión de forma Entrevistas.
9 (RLIN) 115989
700 1# - ENTRADA AGREGADA--NOMBRE PERSONAL
Nombre de persona Fröhlich, Elio.
9 (RLIN) 52715
700 1# - ENTRADA AGREGADA--NOMBRE PERSONAL
Nombre de persona Fortea, Carlos,
Fechas asociadas al nombre 1963-
9 (RLIN) 51844
830 00 - PUNTO DE ACCESO ADICIONAL DE SERIE-TÍTULO UNIFORME
Título uniforme Libros del tiempo (Siruela)
Designación de volumen o secuencia 120
9 (RLIN) 233603
852 ## - LOCALIZACIÓN
Ubicación ES-MaACL
Número de control de estantería L-23438
Sublocalización o colección R.128418
Holdings
Estatus retirado Estado de pérdida Estado de daño No para préstamo Biblioteca de origen Biblioteca actual Ubicación en estantería Fecha de adquisición Fuente de adquisición Total de préstamos Signatura topográfica completa Código de barras Visto por última vez Precio de reemplazo Tipo de ítem Koha
        Biblioteca del Ateneo de Madrid Biblioteca del Ateneo de Madrid Depósito 2 17/01/2008     L-23438 1016430 23/02/2023 23/02/2023 Libro impreso